[Event "Winnipeg TNT September"]
[Site "Winnipeg CAN"]
[Date "2011.09.13"]
[Round "1"]
[White "Czypinski, Jaroslaw"]
[Black "Evans, Brian"]
[Result "1-0"]
[WhiteElo "1942"]
[BlackElo "1554"]
[PlyCount "97"]
[GameId "2160767909648816"]
[EventDate "2011.09.06"]
[EventType "swiss"]
[EventRounds "4"]
[EventCountry "CAN"]
[SourceTitle "EXT 2023"]
[Source "ChessBase"]
[SourceDate "2022.10.05"]
[SourceVersion "1"]
[SourceVersionDate "2022.10.05"]
[SourceQuality "1"]

1. Nf3 Nf6 2. d4 d6 3. Nc3 Bf5 4. e3 g6 5. Bd3 Bxd3 6. Qxd3 c6 7. O-O Bg7 8. e4 O-O 9. Be3 Nbd7 10. Rad1 Ng4 11. h3 Nxe3 12. Qxe3 Qc7 13. Rfe1 e5 14. dxe5 dxe5 15. b3 b6 16. Na4 Rad8 17. c4 Nf6 18. Nc3 Rxd1 19. Rxd1 Rd8 20. Rxd8+ Qxd8 21. Nxe5 Qd6 22. Nf3 Nd7 23. Ne2 Qd1+ 24. Kh2 Nc5 25. Ned4 Ne6 26. Nxe6 fxe6 27. e5 c5 28. Qe4 Qd8 29. Qc6 Qe7 30. h4 h6 31. g3 Bf8 32. Kg2 Kf7 33. Nd2 Bg7 34. Qe4 Qd7 35. Qf4+ Ke7 36. Nf3 Qd3 37. Ne1 Qe2 38. Nf3 Qxa2 39. Qe4 Kf7 40. Qd3 Bf8 41. Nd2 Qa1 42. Qf3+ Kg8 43. Qf6 Qd4 44. Qxe6+ Kh8 45. Nf3 Qe4 46. Qf7 Bg7 47. e6 Qf5 48. Qxf5 gxf5 49. e7 1-0

[Event "Winnipeg TNT September"]
[Site "Winnipeg CAN"]
[Date "2011.09.13"]
[Round "2"]
[White "Baron, Cody"]
[Black "Reimer, Bruce"]
[Result "0-1"]
[WhiteElo "1365"]
[BlackElo "1617"]
[PlyCount "48"]
[GameId "2160767909648817"]
[EventDate "2011.09.06"]
[EventType "swiss"]
[EventRounds "4"]
[EventCountry "CAN"]
[SourceTitle "EXT 2023"]
[Source "ChessBase"]
[SourceDate "2022.10.05"]
[SourceVersion "1"]
[SourceVersionDate "2022.10.05"]
[SourceQuality "1"]

1. e4 Nf6 2. Nc3 d5 3. e5 Nfd7 4. e6 fxe6 5. Bd3 g6 6. Qg4 Nf6 7. Qf3 Bg7 8. Qh3 e5 9. Qg3 e4 10. Be2 O-O 11. Nb5 Na6 12. Qb3 c6 13. Nc3 Nc5 14. Qa3 Ne6 15. d3 Nd4 16. Qa4 Nd7 17. Bd1 b5 18. Qa3 a5 19. b4 Bb7 20. Nge2 axb4 21. Qxb4 c5 22. Qb2 b4 23. O-O Nxe2+ 24. Bxe2 Bxc3 0-1

[Event "Winnipeg TNT September"]
[Site "Winnipeg CAN"]
[Date "2011.09.13"]
[Round "2"]
[White "Einarsson, Ken"]
[Black "Afolabi, Damola"]
[Result "1-0"]
[WhiteElo "1774"]
[BlackElo "1544"]
[PlyCount "77"]
[GameId "2160767909648819"]
[EventDate "2011.09.06"]
[EventType "swiss"]
[EventRounds "4"]
[EventCountry "CAN"]
[SourceTitle "EXT 2023"]
[Source "ChessBase"]
[SourceDate "2022.10.05"]
[SourceVersion "1"]
[SourceVersionDate "2022.10.05"]
[SourceQuality "1"]

1. d4 g6 2. c4 Bg7 3. Nc3 Nf6 4. e4 d5 5. cxd5 O-O 6. Nf3 Bg4 7. Be2 Bxf3 8. Bxf3 c6 9. dxc6 Nxc6 10. d5 Ne5 11. O-O Nxf3+ 12. Qxf3 Qd7 13. Bg5 Rac8 14. Rac1 Rfe8 15. e5 Rxc3 16. Rxc3 Nxd5 17. Rd3 e6 18. Qe4 Rc8 19. Rfd1 Qc6 20. h3 Qb6 21. Rb3 Qa5 22. Rxb7 Qxa2 23. Rc1 Ra8 24. Qf3 Rf8 25. Be3 f5 26. exf6 Bxf6 27. Bh6 Rd8 28. Bg5 Qa6 29. Bxf6 Qxb7 30. Bxd8 Qxb2 31. Bg5 Qb7 32. Qe2 Qd7 33. Qa6 Nb4 34. Qc8+ Qxc8 35. Rxc8+ Kg7 36. Rc7+ Kg8 37. Rxa7 Nc6 38. Ra6 Nd8 39. Bxd8 1-0

[Event "Winnipeg TNT September"]
[Site "Winnipeg CAN"]
[Date "2011.09.13"]
[Round "2"]
[White "Green, Jim"]
[Black "Wolchock, Theo"]
[Result "1/2-1/2"]
[WhiteElo "1813"]
[BlackElo "1660"]
[PlyCount "86"]
[GameId "2160767909648820"]
[EventDate "2011.09.06"]
[EventType "swiss"]
[EventRounds "4"]
[EventCountry "CAN"]
[SourceTitle "EXT 2023"]
[Source "ChessBase"]
[SourceDate "2022.10.05"]
[SourceVersion "1"]
[SourceVersionDate "2022.10.05"]
[SourceQuality "1"]

1. e4 c5 2. Nf3 d6 3. Bb5+ Nc6 4. Bxc6+ bxc6 5. h3 g6 6. O-O Bg7 7. c3 e5 8. d3 Ne7 9. Na3 O-O 10. Bg5 Be6 11. Qd2 Re8 12. Bh6 Bh8 13. Ng5 Qd7 14. Nxe6 Qxe6 15. Be3 f5 16. exf5 Nxf5 17. Nc2 Qe7 18. b4 Rab8 19. Rab1 Bf6 20. bxc5 dxc5 21. Rb3 Rbd8 22. Qe2 Qd6 23. Rfb1 Nxe3 24. Qxe3 Qxd3 25. Qxd3 Rxd3 26. Ne1 Rd2 27. a3 e4 28. Rb7 Re7 29. Rxe7 Bxe7 30. Rc1 c4 31. Rc2 Rxc2 32. Nxc2 Bf6 33. Ne3 Bxc3 34. Nxc4 Bd4 35. Kf1 Kg7 36. Ke2 Kf6 37. f3 exf3+ 38. Kxf3 h5 39. a4 Be5 40. Ke4 Bc7 41. Ne3 Bb6 42. Nc4 Bc7 43. Ne3 Bb6 1/2-1/2

[Event "Winnipeg TNT September"]
[Site "Winnipeg CAN"]
[Date "2011.09.13"]
[Round "2"]
[White "Kaptsan, Aron"]
[Black "Melamedoff, Gustavo"]
[Result "1-0"]
[WhiteElo "1989"]
[BlackElo "2141"]
[PlyCount "99"]
[GameId "2160767909648821"]
[EventDate "2011.09.06"]
[EventType "swiss"]
[EventRounds "4"]
[EventCountry "CAN"]
[SourceTitle "EXT 2023"]
[Source "ChessBase"]
[SourceDate "2022.10.05"]
[SourceVersion "1"]
[SourceVersionDate "2022.10.05"]
[SourceQuality "1"]

1. d4 Nf6 2. c4 e6 3. Nc3 Bb4 4. a3 Bxc3+ 5. bxc3 O-O 6. f3 d5 7. e3 c5 8. Bd3 dxc4 9. Bxc4 Qc7 10. Bb3 Nc6 11. Ne2 Rd8 12. O-O Na5 13. Ba2 e5 14. d5 e4 15. Ng3 exf3 16. gxf3 c4 17. e4 Qc5+ 18. Kg2 Nxd5 19. exd5 Rxd5 20. Qe2 Be6 21. Be3 Qe7 22. Bd4 Qh4 23. Rfe1 Rg5 24. Qf2 h5 25. Re5 Rxe5 26. Bxe5 Qg5 27. f4 Qg4 28. Qf3 Qh3+ 29. Kf2 Rd8 30. Nf1 Qf5 31. Ne3 Rd2+ 32. Ke1 Qd3 33. Bb1 Qd7 34. f5 Nc6 35. Bg3 Bd5 36. Nxd5 Rxd5 37. Be4 Ne5 38. Qxh5 Nd3+ 39. Kf1 Rb5 40. Rd1 Ra5 41. Qe2 Rxa3 42. Bxd3 cxd3 43. Rxd3 Qxf5+ 44. Kg2 Ra2 45. Rd8+ Kh7 46. Qxa2 Qe4+ 47. Kg1 Qe3+ 48. Qf2 Qc1+ 49. Kg2 Qxc3 50. Qf5+ 1-0

[Event "Winnipeg TNT September"]
[Site "Winnipeg CAN"]
[Date "2011.09.13"]
[Round "2"]
[White "Kernetsky, Myron"]
[Black "De los Santos, Christopher"]
[Result "0-1"]
[WhiteElo "2009"]
[BlackElo "1903"]
[PlyCount "114"]
[GameId "2160767909648822"]
[EventDate "2011.09.06"]
[EventType "swiss"]
[EventRounds "4"]
[EventCountry "CAN"]
[SourceTitle "EXT 2023"]
[Source "ChessBase"]
[SourceDate "2022.10.05"]
[SourceVersion "1"]
[SourceVersionDate "2022.10.05"]
[SourceQuality "1"]

1. d4 Nf6 2. c4 e5 3. dxe5 Ne4 4. Nd2 Bb4 5. Ngf3 Nc6 6. a3 Nxd2 7. Bxd2 Bxd2+ 8. Qxd2 O-O 9. e3 Qe7 10. Qc3 Re8 11. Be2 Nxe5 12. Nxe5 Qxe5 13. Qxe5 Rxe5 14. O-O d6 15. Bf3 Rb8 16. b4 b6 17. Rfd1 Be6 18. Bd5 Re8 19. Rac1 g6 20. h3 h5 21. h4 Kg7 22. Rc3 Bf5 23. Rd2 f6 24. Bf3 Kh6 25. Rc1 g5 26. g3 Be4 27. hxg5+ fxg5 28. Bxe4 Rxe4 29. c5 dxc5 30. bxc5 R4e6 31. cxb6 cxb6 32. Rc7 R8e7 33. Rdd7 Rxd7 34. Rxd7 a5 35. Rb7 Kg6 36. Kg2 g4 37. Kf1 Rc6 38. Rb8 a4 39. Ke1 Rc1+ 40. Ke2 Rb1 41. Kd3 Rb3+ 42. Ke4 b5 43. Kf4 b4 44. axb4 a3 45. Rb6+ Kg7 46. Ra6 Rxb4+ 47. Kg5 Rb5+ 48. Kh4 Kf7 49. Rxa3 Kf6 50. Ra6+ Kg7 51. Ra7+ Kg6 52. Ra8 Kg7 53. Rc8 Re5 54. Rc4 Kg6 55. Rd4 Rf5 56. Rf4 Rc5 57. e4 Rc1 0-1

[Event "Winnipeg TNT September"]
[Site "Winnipeg CAN"]
[Date "2011.09.13"]
[Round "2"]
[White "Le Dorze, Philippe"]
[Black "Leaden, Bruce"]
[Result "1/2-1/2"]
[WhiteElo "1627"]
[BlackElo "1480"]
[PlyCount "72"]
[GameId "2160767909648823"]
[EventDate "2011.09.06"]
[EventType "swiss"]
[EventRounds "4"]
[EventCountry "CAN"]
[SourceTitle "EXT 2023"]
[Source "ChessBase"]
[SourceDate "2022.10.05"]
[SourceVersion "1"]
[SourceVersionDate "2022.10.05"]
[SourceQuality "1"]

1. d4 d5 2. c4 e6 3. Nc3 Bb4 4. a3 Bxc3+ 5. bxc3 Nf6 6. Nf3 O-O 7. Bg5 Nbd7 8. e3 b6 9. Bd3 c5 10. O-O h6 11. Bh4 Qe8 12. Bg3 Ne4 13. Bxe4 dxe4 14. Nd2 f5 15. f3 Nf6 16. fxe4 Nxe4 17. Nxe4 fxe4 18. d5 Rxf1+ 19. Qxf1 Qf7 20. Qd1 Bd7 21. Qd2 Re8 22. Rf1 Qg6 23. Qf2 exd5 24. cxd5 Bb5 25. Qf5 Qxf5 26. Rxf5 Rf8 27. Rxf8+ Kxf8 28. Bb8 a6 29. Bc7 c4 30. Bxb6 Kf7 31. Kf2 g5 32. Kg3 Bd7 33. h4 Kg6 34. Bd8 Kh5 35. hxg5 hxg5 36. Kf2 Kg4 1/2-1/2

[Event "Winnipeg TNT September"]
[Site "Winnipeg CAN"]
[Date "2011.09.13"]
[Round "2"]
[White "Li, Kevin"]
[Black "Milward, David"]
[Result "1-0"]
[WhiteElo "2182"]
[BlackElo "1737"]
[PlyCount "45"]
[GameId "2160767909648824"]
[EventDate "2011.09.06"]
[EventType "swiss"]
[EventRounds "4"]
[EventCountry "CAN"]

1. e4 c5 2. Nf3 d6 3. d4 cxd4 4. Qxd4 Nc6 5. Bb5 Bd7 6. Bxc6 Bxc6 7. Nc3 e5 8. Qd3 Nf6 9. Bg5 Be7 10. Bxf6 gxf6 11. Nh4 Qc7 12. Nf5 O-O-O 13. O-O-O Rhg8 14. g4 h5 15. gxh5 Rg5 16. h6 Rxf5 17. exf5 Bxh1 18. Rxh1 Rh8 19. Nd5 Qd7 20. Qh3 Bf8 21. h7 Qc6 22. Rd1 Qe8 23. Rg1 1-0

[Event "Winnipeg TNT September"]
[Site "Winnipeg CAN"]
[Date "2011.09.13"]
[Round "2"]
[White "Mundwiler, Les"]
[Black "Czypinski, Jaroslaw"]
[Result "1/2-1/2"]
[WhiteElo "2064"]
[BlackElo "1942"]
[PlyCount "87"]
[GameId "2160767909648825"]
[EventDate "2011.09.06"]
[EventType "swiss"]
[EventRounds "4"]
[EventCountry "CAN"]
[SourceTitle "EXT 2023"]
[Source "ChessBase"]
[SourceDate "2022.10.05"]
[SourceVersion "1"]
[SourceVersionDate "2022.10.05"]
[SourceQuality "1"]

1. e4 d5 2. exd5 Nf6 3. d4 Nxd5 4. Be2 Bf5 5. Nf3 e6 6. O-O Be7 7. c4 Nb6 8. Nc3 O-O 9. a4 a5 10. Qb3 Bb4 11. Rd1 c6 12. Be3 Qc7 13. Nh4 Bg6 14. Nxg6 hxg6 15. Rac1 N8d7 16. d5 Nc5 17. Bxc5 Bxc5 18. Ne4 Nd7 19. dxc6 Qxc6 20. Bf3 Qc7 21. Qb5 Rfd8 22. Rxd7 Bxf2+ 23. Nxf2 Rxd7 24. Ne4 Rad8 25. c5 Qf4 26. Re1 g5 27. Nd6 g4 28. Bxb7 Qd4+ 29. Kh1 Rxd6 30. cxd6 Qxd6 31. Qe2 Qb4 32. Bc6 Rd2 33. Qf1 Qxb2 34. Be8 Rf2 35. Qd3 Qb4 36. Rf1 Qf4 37. Rd1 Qf6 38. Bb5 g6 39. Qg3 Qf5 40. Qc3 Kh7 41. Qg3 Kg7 42. Qc3+ Kh7 43. Qg3 Kg7 44. Qc3+ 1/2-1/2

[Event "Winnipeg TNT September"]
[Site "Winnipeg CAN"]
[Date "2011.09.13"]
[Round "2"]
[White "Pottinger, Carl"]
[Black "Schulz, Waldemar"]
[Result "0-1"]
[WhiteElo "1916"]
[BlackElo "2034"]
[PlyCount "82"]
[GameId "2160767909648826"]
[EventDate "2011.09.06"]
[EventType "swiss"]
[EventRounds "4"]
[EventCountry "CAN"]
[SourceTitle "EXT 2023"]
[Source "ChessBase"]
[SourceDate "2022.10.05"]
[SourceVersion "1"]
[SourceVersionDate "2022.10.05"]
[SourceQuality "1"]

1. e4 c5 2. c4 Nc6 3. Nc3 g6 4. g3 Bg7 5. Nge2 e6 6. Bg2 Nge7 7. O-O O-O 8. d3 a6 9. a4 b6 10. Be3 Bb7 11. Rb1 Nd4 12. b4 Qc7 13. Qd2 Rfe8 14. bxc5 bxc5 15. Bxd4 cxd4 16. Na2 Rab8 17. Ra1 Bc6 18. a5 Qb7 19. Rfb1 Qxb1+ 20. Rxb1 Rxb1+ 21. Nac1 e5 22. f4 d6 23. fxe5 dxe5 24. Qa2 Reb8 25. Bf1 Bf8 26. Qd2 Bd7 27. Qg5 Nc6 28. Kg2 Be7 29. Qh6 R8b2 30. Kf3 Nxa5 31. Bh3 Ba4 32. Bf1 Bd1 33. Kf2 Nb7 34. Qh3 Rxc1 35. Qc8+ Bf8 36. Qc7 Rcc2 37. Qxe5 Bxe2 38. Bxe2 Rxe2+ 39. Kf3 h5 40. g4 Rf2+ 41. Kg3 Bd6 0-1

[Event "Winnipeg TNT September"]
[Site "Winnipeg CAN"]
[Date "2011.09.13"]
[Round "2"]
[White "Rutter, Blair"]
[Black "Boron, Anthony"]
[Result "0-1"]
[WhiteElo "1873"]
[BlackElo "2000"]
[PlyCount "98"]
[GameId "2160767909648827"]
[EventDate "2011.09.06"]
[EventType "swiss"]
[EventRounds "4"]
[EventCountry "CAN"]
[SourceTitle "EXT 2023"]
[Source "ChessBase"]
[SourceDate "2022.10.05"]
[SourceVersion "1"]
[SourceVersionDate "2022.10.05"]
[SourceQuality "1"]

1. c4 e6 2. e4 d5 3. cxd5 exd5 4. e5 c5 5. Nf3 Nc6 6. Nc3 a6 7. d3 b5 8. h3 Nge7 9. Bf4 Be6 10. Be2 Ng6 11. Bg3 Be7 12. O-O O-O 13. Qd2 Qc7 14. a3 Rac8 15. Rac1 Qa5 16. h4 Rfd8 17. h5 Nf8 18. Bh4 Bxh4 19. Nxh4 d4 20. Qg5 h6 21. Qg3 dxc3 22. bxc3 b4 23. axb4 cxb4 24. f4 bxc3 25. f5 Qxe5 26. Qf2 Qd4 27. fxe6 Nxe6 28. Rxc3 Qxf2+ 29. Kxf2 Ncd4 30. Ra3 Rc2 31. Re1 Nf4 32. Ke3 Nfxe2 33. Rxa6 Re8+ 34. Kf2 Nc1+ 35. Kf1 Rxe1+ 36. Kxe1 Nxd3+ 37. Kd1 Nf2+ 38. Ke1 Re2+ 39. Kf1 Nd3 40. Ra8+ Kh7 41. g3 Rf2+ 42. Kg1 Ne2+ 43. Kh1 Nxg3+ 44. Kg1 Ne2+ 45. Kh1 Ng3+ 46. Kg1 Nf5 47. Ng2 Rb2 48. Ra5 g6 49. Rd5 Rxg2+ 0-1

[Event "Winnipeg TNT September"]
[Site "Winnipeg CAN"]
[Date "2011.09.13"]
[Round "2"]
[White "Trueman, Francis"]
[Black "Milord, Frank"]
[Result "1/2-1/2"]
[WhiteElo "1495"]
[BlackElo "1650"]
[PlyCount "82"]
[GameId "2160767909648828"]
[EventDate "2011.09.06"]
[EventType "swiss"]
[EventRounds "4"]
[EventCountry "CAN"]
[SourceTitle "EXT 2023"]
[Source "ChessBase"]
[SourceDate "2022.10.05"]
[SourceVersion "1"]
[SourceVersionDate "2022.10.05"]
[SourceQuality "1"]

1. Nf3 d5 2. d3 c5 3. g3 Nc6 4. Nbd2 e6 5. Bg2 Bd6 6. O-O Nge7 7. c3 O-O 8. Re1 Rb8 9. e4 f6 10. a4 b5 11. axb5 Rxb5 12. Qe2 Qc7 13. exd5 exd5 14. d4 c4 15. h4 Kh8 16. Ra4 Na5 17. Nh2 Bf5 18. Qf3 Bc2 19. Ra2 Nb3 20. Nxb3 Bxb3 21. Ra6 Bc2 22. Re6 Rb6 23. Rxb6 axb6 24. Bh3 Be4 25. Qe3 Nf5 26. Bxf5 Bxf5 27. Re8 Be4 28. Rxf8+ Bxf8 29. f4 Bd6 30. Nf1 Qd7 31. Kh2 Qg4 32. Nd2 f5 33. Qf2 b5 34. Nf1 Qd1 35. Be3 Bf3 36. Bd2 Kg8 37. Qe1 Qe2+ 38. Qxe2 Bxe2 39. Ne3 Bf3 40. Nxf5 Bf8 41. Kg1 Kf7 1/2-1/2

[Event "Winnipeg TNT September"]
[Site "Winnipeg CAN"]
[Date "2011.09.13"]
[Round "2"]
[White "Wasserman, Leor"]
[Black "Campbell, Gary"]
[Result "0-1"]
[WhiteElo "1829"]
[BlackElo "1729"]
[PlyCount "56"]
[GameId "2160767909648829"]
[EventDate "2011.09.06"]
[EventType "swiss"]
[EventRounds "4"]
[EventCountry "CAN"]
[SourceTitle "EXT 2023"]
[Source "ChessBase"]
[SourceDate "2022.10.05"]
[SourceVersion "1"]
[SourceVersionDate "2022.10.05"]
[SourceQuality "1"]

1. e4 e6 2. d4 d5 3. exd5 exd5 4. Bd3 Nf6 5. c4 Bd6 6. Bg5 Be6 7. c5 Be7 8. Ne2 O-O 9. O-O h6 10. Bxf6 Bxf6 11. Nbc3 b6 12. cxb6 axb6 13. h3 c5 14. dxc5 bxc5 15. f4 c4 16. Bb1 Qb6+ 17. Kh1 Qxb2 18. Nxd5 Qxa1 19. Qc2 g6 20. Nc7 Bf5 21. Qxc4 Ra3 22. Ng1 Bxb1 23. f5 Qxa2 24. Qf4 Bxf5 25. g4 Ra4 26. Qg3 Be4+ 27. Nf3 Ra3 28. Qf4 Qe2 0-1

[Event "Winnipeg TNT September"]
[Site "Winnipeg CAN"]
[Date "2011.09.13"]
[Round "3"]
[White "Schulz, Waldemar"]
[Black "Kaptsan, Aron"]
[Result "1/2-1/2"]
[WhiteElo "2034"]
[BlackElo "1989"]
[PlyCount "94"]
[GameId "2160767909648830"]
[EventDate "2011.09.06"]
[EventType "swiss"]
[EventRounds "4"]
[EventCountry "CAN"]
[SourceTitle "EXT 2023"]
[Source "ChessBase"]
[SourceDate "2022.10.05"]
[SourceVersion "1"]
[SourceVersionDate "2022.10.05"]
[SourceQuality "1"]

1. Nf3 Nf6 2. c4 g6 3. g3 Bg7 4. Bg2 O-O 5. O-O d6 6. d4 Nbd7 7. Nc3 e5 8. Rb1 exd4 9. Nxd4 a5 10. b3 Re8 11. Bb2 Nc5 12. a3 c6 13. Nxc6 bxc6 14. Bxc6 Bd7 15. Bxa8 Qxa8 16. f3 Bh3 17. Re1 Qa6 18. e4 Qb6 19. Bc1 Ncxe4+ 20. Be3 Nxc3 21. Bxb6 Nxd1 22. Rbxd1 Rb8 23. Bxa5 Rxb3 24. Rxd6 h5 25. Kf2 Rxa3 26. Bd8 Nd7 27. Rd5 Rc3 28. Re8+ Kh7 29. Re7 Nf6 30. Rd6 Be6 31. Rb7 Kh6 32. Ba5 Rxc4 33. Bd2+ Kh7 34. Bg5 Ne8 35. Rd8 Rc8 36. Rxc8 Bxc8 37. Rb8 Bd7 38. Rd8 Bf6 39. Rxd7 Bxg5 40. Rxf7+ Kg8 41. Rb7 Bf6 42. f4 Nd6 43. Rd7 Nf5 44. Kf3 Nh6 45. h3 Nf7 46. g4 h4 47. g5 Bxg5 1/2-1/2

[Event "Winnipeg TNT September"]
[Site "Winnipeg CAN"]
[Date "2011.09.20"]
[Round "3"]
[White "Afolabi, Damola"]
[Black "De Groot, Steven"]
[Result "0-1"]
[WhiteElo "1544"]
[BlackElo "1790"]
[PlyCount "66"]
[GameId "2160767909648831"]
[EventDate "2011.09.06"]
[EventType "swiss"]
[EventRounds "4"]
[EventCountry "CAN"]
[SourceTitle "EXT 2023"]
[Source "ChessBase"]
[SourceDate "2022.10.05"]
[SourceVersion "1"]
[SourceVersionDate "2022.10.05"]
[SourceQuality "1"]

1. b3 Nf6 2. g3 g6 3. Bb2 d5 4. Bg2 Bg7 5. e3 O-O 6. Ne2 Re8 7. O-O e5 8. d3 c5 9. Nd2 Nc6 10. c4 Nb4 11. d4 exd4 12. exd4 Bg4 13. f3 Qe7 14. Nf4 Bf5 15. a3 Nc2 16. Rc1 Ne3 17. Re1 Nxd1 18. Rxe7 Nxb2 19. Rxb7 cxd4 20. cxd5 g5 21. g4 Bg6 22. Nxg6 fxg6 23. Rcc7 Re1+ 24. Kf2 Nd3+ 25. Kg3 Ne8 26. Re7 Be5+ 27. f4 gxf4+ 28. Kh4 Bf6+ 29. g5 Bxe7 30. Rxe7 Rxe7 31. d6 Nxd6 32. Bxa8 Re2 33. Nf3 Nf5+ 0-1

[Event "Winnipeg TNT September"]
[Site "Winnipeg CAN"]
[Date "2011.09.20"]
[Round "3"]
[White "Boron, Anthony"]
[Black "De los Santos, Christopher"]
[Result "1-0"]
[WhiteElo "2000"]
[BlackElo "1903"]
[PlyCount "101"]
[GameId "2160767909648832"]
[EventDate "2011.09.06"]
[EventType "swiss"]
[EventRounds "4"]
[EventCountry "CAN"]
[SourceTitle "EXT 2023"]
[Source "ChessBase"]
[SourceDate "2022.10.05"]
[SourceVersion "1"]
[SourceVersionDate "2022.10.05"]
[SourceQuality "1"]

1. e4 c6 2. d4 d5 3. exd5 cxd5 4. c4 e6 5. Nf3 Nf6 6. Nc3 Be7 7. Bf4 Bd7 8. Bd3 O-O 9. O-O a6 10. Rc1 dxc4 11. Bxc4 b5 12. Bd3 Bc6 13. Bb1 Bb7 14. Qe2 Nbd7 15. Bg3 Nb6 16. Rfd1 Rc8 17. Be5 Nc4 18. b3 Nxe5 19. dxe5 Nd5 20. Nxd5 Bxd5 21. Qd3 g6 22. h3 Qb6 23. Nh2 h5 24. Qg3 Kg7 25. Nf1 Bc5 26. Qf4 f5 27. Ne3 Bxe3 28. fxe3 Qb7 29. Qg5 Rxc1 30. Rxc1 Rf7 31. Qd8 Qe7 32. Qxe7 Rxe7 33. Kf2 Rd7 34. Rc5 h4 35. g3 g5 36. Rc1 hxg3+ 37. Kxg3 Rb7 38. Rc5 a5 39. Bxf5 a4 40. Bc2 axb3 41. axb3 Rb6 42. Rc7+ Kg8 43. Kg4 Bg2 44. b4 Ra6 45. Kxg5 Bxh3 46. Kf6 Ra8 47. Rg7+ Kh8 48. Rh7+ Kg8 49. Rxh3 Rc8 50. Bh7+ Kf8 51. Bf5 1-0

[Event "Winnipeg TNT September"]
[Site "Winnipeg CAN"]
[Date "2011.09.20"]
[Round "3"]
[White "Campbell, Gary"]
[Black "Mundwiler, Les"]
[Result "0-1"]
[WhiteElo "1729"]
[BlackElo "2064"]
[PlyCount "60"]
[GameId "2160767909648833"]
[EventDate "2011.09.06"]
[EventType "swiss"]
[EventRounds "4"]
[EventCountry "CAN"]
[SourceTitle "EXT 2023"]
[Source "ChessBase"]
[SourceDate "2022.10.05"]
[SourceVersion "1"]
[SourceVersionDate "2022.10.05"]
[SourceQuality "1"]

1. d4 Nf6 2. c4 d6 3. Nc3 Nbd7 4. Nf3 e5 5. e4 c6 6. dxe5 dxe5 7. Be2 h6 8. O-O Be7 9. Qc2 Qc7 10. b3 Nh5 11. Bb2 Nf4 12. Rfe1 g5 13. Bf1 g4 14. Nd2 h5 15. g3 Nh3+ 16. Bxh3 gxh3 17. Nf3 h4 18. Nd1 hxg3 19. fxg3 f6 20. Ne3 Bc5 21. Kh1 Nf8 22. Nf5 Ng6 23. a3 a5 24. b4 axb4 25. axb4 Rxa1 26. Rxa1 Bxb4 27. Ra8 O-O 28. c5 Bxf5 29. Rxf8+ Nxf8 30. exf5 Qf7 0-1

[Event "Winnipeg TNT September"]
[Site "Winnipeg CAN"]
[Date "2011.09.20"]
[Round "3"]
[White "Czypinski, Jaroslaw"]
[Black "Li, Kevin"]
[Result "1-0"]
[WhiteElo "1942"]
[BlackElo "2182"]
[PlyCount "119"]
[GameId "2160767909648834"]
[EventDate "2011.09.06"]
[EventType "swiss"]
[EventRounds "4"]
[EventCountry "CAN"]
[SourceTitle "EXT 2023"]
[Source "ChessBase"]
[SourceDate "2022.10.05"]
[SourceVersion "1"]
[SourceVersionDate "2022.10.05"]
[SourceQuality "1"]

1. d4 Nf6 2. Nf3 d6 3. c4 g6 4. Nc3 Bg7 5. Bg5 c6 6. e3 Nbd7 7. Be2 O-O 8. O-O Re8 9. Qc2 Qc7 10. Rfd1 Nf8 11. Rac1 e5 12. c5 dxc5 13. Bxf6 Bxf6 14. Ne4 Bg7 15. dxc5 Bf5 16. Bd3 Bxe4 17. Bxe4 f5 18. Qb3+ Kh8 19. Bb1 Bf6 20. h4 e4 21. Ng5 Bxg5 22. hxg5 Rad8 23. Rxd8 Rxd8 24. Rd1 Rxd1+ 25. Qxd1 Ne6 26. a3 Nxg5 27. Qd4+ Kg8 28. Ba2+ Nf7 29. b4 Kf8 30. Bxf7 Kxf7 31. Qh8 Ke6 32. Qg8+ Qf7 33. Qc8+ Kd5 34. Qd8+ Kc4 35. Qd4+ Kb3 36. Qa1 a6 37. g4 fxg4 38. Qb1+ Kxa3 39. Qxe4 h5 40. Qd4 Qb3 41. e4 h4 42. e5 Qb1+ 43. Kh2 Qe1 44. Qe3+ Qxe3 45. fxe3 Kxb4 46. e6 Kxc5 47. e7 a5 48. e8=Q a4 49. e4 a3 50. Qe7+ Kd4 51. Qxa3 Kxe4 52. Qb4+ Kf3 53. Qb3+ Kf2 54. Qc2+ Kf3 55. Qd3+ Kf2 56. Qxg6 g3+ 57. Kh3 b5 58. Qc2+ Kf1 59. Qg2+ Ke1 60. Qxc6 1-0

[Event "Winnipeg TNT September"]
[Site "Winnipeg CAN"]
[Date "2011.09.20"]
[Round "3"]
[White "Evans, Brian"]
[Black "Green, Jim"]
[Result "0-1"]
[WhiteElo "1554"]
[BlackElo "1813"]
[PlyCount "60"]
[GameId "2160767909648835"]
[EventDate "2011.09.06"]
[EventType "swiss"]
[EventRounds "4"]
[EventCountry "CAN"]
[SourceTitle "EXT 2023"]
[Source "ChessBase"]
[SourceDate "2022.10.05"]
[SourceVersion "1"]
[SourceVersionDate "2022.10.05"]
[SourceQuality "1"]

1. d4 d5 2. c4 c6 3. e3 Nf6 4. Nc3 a6 5. cxd5 cxd5 6. Bd3 Nc6 7. Nge2 g6 8. a3 Bg7 9. O-O O-O 10. Qb3 e6 11. f3 b5 12. Rd1 Bd7 13. e4 dxe4 14. Nxe4 Nd5 15. Bc2 Qb6 16. Kh1 Nxd4 17. Nxd4 Bxd4 18. Nc3 Bc6 19. Nxd5 Bxd5 20. Qd3 Bg7 21. Be3 Qb7 22. Rab1 Rac8 23. Bb3 Rfd8 24. Bxd5 Rxd5 25. Qe2 Rcd8 26. b4 Qd7 27. Rxd5 Qxd5 28. h3 Qd3 29. Qxd3 Rxd3 30. Bc1 Rd1+ 0-1

[Event "Winnipeg TNT September"]
[Site "Winnipeg CAN"]
[Date "2011.09.20"]
[Round "3"]
[White "Leaden, Bruce"]
[Black "Trueman, Francis"]
[Result "0-1"]
[WhiteElo "1480"]
[BlackElo "1495"]
[PlyCount "92"]
[GameId "2160767909648836"]
[EventDate "2011.09.06"]
[EventType "swiss"]
[EventRounds "4"]
[EventCountry "CAN"]
[SourceTitle "EXT 2023"]
[Source "ChessBase"]
[SourceDate "2022.10.05"]
[SourceVersion "1"]
[SourceVersionDate "2022.10.05"]
[SourceQuality "1"]

1. d4 Nf6 2. c4 d6 3. Nc3 g6 4. e3 Bg7 5. Bd3 O-O 6. Nge2 c6 7. a4 a5 8. O-O Qc7 9. f3 Nbd7 10. Re1 e5 11. Ng3 Re8 12. d5 Nf8 13. e4 h5 14. Be3 N8h7 15. h4 Qe7 16. Qb3 Nd7 17. Bf2 Bf6 18. dxc6 bxc6 19. Rad1 Kh8 20. Bb1 Rg8 21. Qa3 Nc5 22. Bxc5 dxc5 23. Nce2 Bxh4 24. Qe3 Be6 25. b3 Bg5 26. Qc3 Bd7 27. f4 Bf6 28. f5 h4 29. fxg6 fxg6 30. Nf1 g5 31. Nh2 g4 32. Rf1 Raf8 33. Qd2 Bc8 34. Qh6 Bg5 35. Qxc6 g3 36. Nf3 Be3+ 37. Kh1 h3 38. Qd6 Qf7 39. Qxe5+ Rg7 40. Nd2 hxg2+ 41. Kxg2 Qd7 42. Rxf8+ Nxf8 43. Qh5+ Nh7 44. e5 Bb7+ 45. Nf3 Qxd1 46. Qe8+ Rg8 0-1